| 000 | 00634nam a22002057a 4500 | ||
|---|---|---|---|
| 005 | 20251108172242.0 | ||
| 008 | 250721s2003 xx 000 0 ara d | ||
| 082 | 1 | 4 | _a330.1/قطف |
| 100 | 1 |
_aقطف، ابراهيم سليمان _eمؤلف |
|
| 245 | 1 | 0 | _aمبادئ الإقتصاد الجزئي / |
| 264 | 1 |
_aعمان : _bدار الحامد، _c2003. |
|
| 300 | _a285ص | ||
| 650 | 1 | 7 | _aالإقتصاد الجزئي |
| 650 | 1 | 7 | _aالإقتصاد الإداري |
| 650 | 1 | 7 | _aالأسواق |
| 650 | 1 | 7 | _aالعرض و الطلب |
| 700 | 1 |
_aخليل، علي محمد _eمؤلف |
|
| 942 |
_2ddc _cBK |
||
| 999 |
_c74263 _d74263 |
||